000
00347nam a2200121Ia 4500
008
151001s9999||||xx |||||||||||||| ||und||
100
_a
दुर्गा - भागवत
245
_a
चिंतनिका
260
_b
मॅजेस्टीक प्रकाशन मुंबई
260
_c
1968
300
_a
154
365
_b
8.5
999
_c
954480
_d
954477